| 000 | 01055nam a2200241Ia 4500 | ||
|---|---|---|---|
| 003 | GCL | ||
| 005 | 20240530103152.0 | ||
| 008 | 140319s9999 xx 000 0 ara d | ||
| 040 |
_aGCL / _cGCL |
||
| 082 | 0 | 4 |
_a240.906 _bس ص |
| 100 | 1 | _aعلى سامى النشار (تعليق) | |
| 245 | 1 | 0 |
_aصون المنطوق والكلام عن فن المنطق والكلام : ويليه نصيحة اهل الايمان فى الرد على منطق اليونان / _cعلى سامى النشار (تعليق) |
| 260 |
_a[S.N] : _bمكتبة الخانجى |
||
| 300 | _a398 ص | ||
| 650 | 0 | 4 | _aالفلسفة الاسلامية |
| 650 | 0 | 4 | _aالفلسفة اليونانية |
| 650 | 0 | 4 | _aالمنطق |
| 650 | 0 | 4 | _aالحضارة الاسلامية |
| 650 | 0 | 4 | _aعلم الكلام |
| 700 | 1 | _aابن تيمية : تقى الدين ابوالعباس احمد بن عبدالحليم | |
| 700 | 1 | _aالسيوطى : جلال الدين ابوالفضل عبدالرحمن بن ابى بكر بن محمد الخضيرى | |
| 942 |
_2ddc _cBK |
||
| 999 |
_c37303 _d37303 |
||